Vi tảo biển dị dưỡng Labyrinthula, Schizochytrium, Thraustochytrium mới ở Việt Nam Tiềm năng và thách thức
Tìm hiểu về hiện tượng nội cộng sinh và sự đa dạng của tảo. Nghiên cứu về ngành vi tảo biển với 3 chi tảo biển dị dưỡng là Labyrinthula, Schizochytrium và Thraustochytrium trong lĩnh vực nuôi trồng thuỷ sản, sản xuất thức ăn gia súc gia cầm va...
Đã lưu trong:
| Hovedforfatter: | |
|---|---|
| Andre forfattere: | |
| Format: | Bog |
| Sprog: | Undetermined |
| Udgivet: |
H.
Khoa học Tự nhiên và Công nghệ
2016
|
| Fag: | |
| Online adgang: | http://lrc.tdmu.edu.vn/opac/search/detail.asp?aID=2&ID=29073 |
| Tags: |
Tilføj Tag
Ingen Tags, Vær først til at tagge denne postø!
|
| Thư viện lưu trữ: | Trung tâm Học liệu Trường Đại học Thủ Dầu Một |
|---|
| LEADER | 01402nam a2200229Ia 4500 | ||
|---|---|---|---|
| 001 | TDMU_29073 | ||
| 008 | 210410s9999 xx 000 0 und d | ||
| 082 | |a 342.59706802632 | ||
| 090 | |b Đ116 | ||
| 100 | |a Đặng, Diễm Hồng | ||
| 245 | 0 | |a Vi tảo biển dị dưỡng Labyrinthula, Schizochytrium, Thraustochytrium mới ở Việt Nam | |
| 245 | 0 | |b Tiềm năng và thách thức | |
| 245 | 0 | |c Đặng Diễm Hồng (ch.b.), Hoàng Thị Lan Anh | |
| 260 | |a H. | ||
| 260 | |b Khoa học Tự nhiên và Công nghệ | ||
| 260 | |c 2016 | ||
| 300 | |a 625tr. | ||
| 520 | |a Tìm hiểu về hiện tượng nội cộng sinh và sự đa dạng của tảo. Nghiên cứu về ngành vi tảo biển với 3 chi tảo biển dị dưỡng là Labyrinthula, Schizochytrium và Thraustochytrium trong lĩnh vực nuôi trồng thuỷ sản, sản xuất thức ăn gia súc gia cầm và nhiên liệu sinh học; sử dụng sinh khối vi tảo biển dị dưỡng để sản xuất thực phẩm chức năng, tách chiết dầu sinh học... | ||
| 650 | |a Vi tảo biển |z Việt Nam | ||
| 700 | |a Hoàng, Thị Lan Anh | ||
| 856 | |u http://lrc.tdmu.edu.vn/opac/search/detail.asp?aID=2&ID=29073 | ||
| 980 | |a Trung tâm Học liệu Trường Đại học Thủ Dầu Một | ||